| 000 | 00865cgm a2200229 4500 | ||
|---|---|---|---|
| 001 | B3029 | ||
| 008 | 090401t1989 xxu||||| |||| 00| 0 eng d | ||
| 035 | _a(Sirsi) u53634 | ||
| 041 | _aeng | ||
| 050 | _a336.21 | ||
| 100 | _aClark, Peter | ||
| 245 | _aPrinciples of rating (sound recording) | ||
| 260 |
_aLondon _bRoyal Institution of Chartered Surveyors _c1989 |
||
| 300 | _a1 sound cassette (60 min.) | ||
| 350 | _a10 | ||
| 490 | _aOwlion Audio Programme | ||
| 520 | _aPublished jointly with the College of Estate Management . As applied to commercial property, it includes a brief history of rating, rateable occupation, exemptions and reliefs, rateable property, the hereditament, the basis of assessment and methods of valuation, lists and appeals. | ||
| 650 | _aAUDIO CASSETTES | ||
| 650 | _aRATES AND RATING | ||
| 942 | _n0 | ||
| 948 | _c04/03/1997 | ||
| 999 |
_c85261 _d85261 |
||